Logos of wrestling federations - Statistics

General Stats
  • This quiz has been taken 68 times
  • The average score is 8 of 15
Answer Stats
Picture Answer % Correct
World Wrestling Entertainment
100%
All Elite Wrestling
98%
New Japan Pro Wrestling
95%
Ring of Honor Wrestling Entertainment
89%
World Championship Wrestling
89%
Extreme Championship Wrestling
87%
Total Nonstop Action Wrestling (Impact Wrestling)
85%
Lucha Underground
73%
Pro Wrestling Guerrilla
55%
Lucha Libre AAA Worldwide (Asistencia Asesoría y Administración)
18%
New Generation Wrestling
18%
World Series Wrestling
18%
Impact Pro Wrestling
9%
New European Championship Wrestling
9%
Africa Wrestling Alliance
4%
No matching quizzes found
Score Distribution
Percent of People with Each Score
Percentile by Number Answered
Your Score History
You have not taken this quiz